| 000 | 00781nam a22002417a 4500 | ||
|---|---|---|---|
| 999 |
_c14913 _d14913 |
||
| 003 | AR-CdUCM | ||
| 008 | 190425b ||||| |||| 00| 0 spa d | ||
| 020 | _a978-84-683-1613-0 | ||
| 040 |
_aMUNICIPALIDAD PROVINCIAL DEL CUSCO _cBIBLIOTECA MUNICIPAL DEL CUSCO |
||
| 082 |
_22ed. _aPI / 808.06 / _bL33 |
||
| 100 |
_aLee, Isaura _933877 |
||
| 245 | _aLos superhéroes duermen con sus monstruos / | ||
| 260 |
_aBarcelona : _bEdebé, _c2015. |
||
| 300 |
_c19 cm. _bIlustración |
||
| 440 |
_aSoy un superhéroe _933883 |
||
| 500 | _aAl texto no tiene numeración de página. | ||
| 650 |
_aCreatividad _913632 |
||
| 650 |
_aRelación entre hermanos _933884 |
||
| 650 |
_aHábitos _933885 |
||
| 700 |
_aInaraja, Christian _933886 |
||
| 942 |
_2ddc _cLIBROS |
||
| 945 |
_arah _d25/04/2019 |
||